[Event "Usti nad Labem Chlumecky Blitz op"]
[Site "Usti nad Labem"]
[Date "2024.05.05"]
[Round "5"]
[White "Bruna, Matous"]
[Black "Pribyl, Jakub"]
[Result "0-1"]
[WhiteElo "1933"]
[BlackElo "1962"]
[PlyCount "58"]
[EventDate "2024.05.05"]
[EventType "swiss (blitz)"]
[EventRounds "15"]
[EventCountry "CZE"]
[SourceTitle "CBM 220 Extra"]
[Source "ChessBase"]
[SourceDate "2024.07.31"]
[SourceVersion "1"]
[SourceVersionDate "2024.07.31"]
[SourceQuality "1"]

1. e4 e5 2. Nc3 Nc6 3. Nf3 Nf6 4. Bb5 d6 5. h3 Be7 6. d4 exd4 7. Nxd4 Bd7 8. 0-0 0-0 9. Bxc6 bxc6 10. b3 c5 11. Nf3 Bc6 12. Re1 Re8 13. Bb2 Nd7 14. Nd5 Bb7 15. c4 Bf8 16. Qd3 Nb6 17. Re2 Qd7 18. Rae1 c6 19. Nxb6 axb6 20. a4 d5 21. e5 h6 22. Bc1 Qe6 23. Bf4 Rad8 24. Nd2 Ba6 25. Rc1 dxc4 26. Qf3 c3 27. Ne4 Bxe2 28. Qxe2 Qf5 29. Rxc3 Qxf4 0-1

[Event "Usti nad Labem Chlumecky Blitz op"]
[Site "Usti nad Labem"]
[Date "2024.05.05"]
[Round "11"]
[White "Peglau, Dora"]
[Black "Pribyl, Jakub"]
[Result "0-1"]
[WhiteElo "1909"]
[BlackElo "1962"]
[PlyCount "86"]
[EventDate "2024.05.05"]
[EventType "swiss (blitz)"]
[EventRounds "15"]
[EventCountry "CZE"]
[SourceTitle "CBM 220 Extra"]
[Source "ChessBase"]
[SourceDate "2024.07.31"]
[SourceVersion "1"]
[SourceVersionDate "2024.07.31"]
[SourceQuality "1"]

1. d4 d5 2. c4 e6 3. Nc3 Nf6 4. Nf3 Be7 5. Bf4 c6 6. e3 Nbd7 7. Bd3 dxc4 8. Bxc4 b5 9. Bd3 Bb7 10. 0-0 a6 11. e4 c5 12. Qe2 c4 13. Bc2 0-0 14. Bg3 Re8 15. Rfd1 Nf8 16. d5 exd5 17. Nxd5 Nxd5 18. exd5 Bd6 19. Qd2 Ng6 20. b3 cxb3 21. axb3 Rc8 22. Bf5 Rc5 23. Bxd6 Qxd6 24. Re1 Rxe1+ 25. Rxe1 Rxd5 26. Bxg6 hxg6 27. Re8+ Kh7 28. Qe2 Rd1+ 29. Ne1 Qd5 30. f3 Qd4+ 31. Kh1 Rd2 32. Qf1 Rf2 33. Qg1 Qd2 34. h4 Re2 35. h5 Rxe8 36. hxg6+ fxg6 37. Qh2+ Kg8 38. Nc2 Qxc2 39. Qd6 Qc1+ 40. Kh2 Qh6+ 41. Kg3 Qg5+ 42. Kf2 Qe3+ 43. Kg3 Qe5+ 0-1

[Event "CZE-chT2B 1920"]
[Site "Czech Republic"]
[Date "2020.01.12"]
[Round "6.1"]
[White "Pribyl, Jakub"]
[Black "Slovak, Kilian"]
[Result "0-1"]
[WhiteElo "2136"]
[BlackElo "2189"]
[PlyCount "77"]
[EventDate "2019.10.13"]
[EventType "team-tourn"]
[EventRounds "11"]
[EventCountry "CZE"]
[SourceTitle "EXT 2024"]
[Source "ChessBase"]
[SourceDate "2023.10.10"]
[SourceVersion "1"]
[SourceVersionDate "2023.10.10"]
[SourceQuality "1"]
[WhiteTeam "Usti nad Labem"]
[BlackTeam "Kobylisy"]
[WhiteTeamCountry "CZE"]
[BlackTeamCountry "CZE"]

1. e4 c5 2. Nf3 Nc6 3. d4 cxd4 4. Nxd4 Nf6 5. Nc3 d6 6. Bc4 Qb6 7. Nde2 e6 8. 0-0 Be7 9. Bb3 0-0 10. Ng3 a6 11. Be3 Qc7 12. f4 Na5 13. f5 Nc4 14. Bxc4 Qxc4 15. Qf3 Bd7 16. Rad1 b5 17. a3 a5 18. Rd4 Qc7 19. Rfd1 Rab8 20. R4d2 Bc6 21. Bg5 b4 22. axb4 axb4 23. Bxf6 Bxf6 24. Nce2 d5 25. Nd4 dxe4 26. Nxe4 Bxe4 27. Qxe4 exf5 28. Nxf5 Bxb2 29. Rd7 Qc5+ 30. Kh1 Bf6 31. Qf4 Rb6 32. Qg4 Kh8 33. R7d2 g6 34. Ng3 Re8 35. h3 Rbe6 36. Kh2 Re1 37. Rxe1 Rxe1 38. Ne2 Be5+ 39. Nf4 0-1

[Event "CZE-chT2B 1819"]
[Site "Czech Republic"]
[Date "2019.03.31"]
[Round "11.4"]
[White "Pribyl, Jakub"]
[Black "Michalek, Jan"]
[Result "1/2-1/2"]
[WhiteElo "2113"]
[BlackElo "2248"]
[PlyCount "140"]
[EventDate "2018.10.14"]
[EventType "team-tourn"]
[EventRounds "11"]
[EventCountry "CZE"]
[SourceTitle "EXT 2022"]
[Source "ChessBase"]
[SourceDate "2021.10.06"]
[SourceVersion "1"]
[SourceVersionDate "2021.10.06"]
[SourceQuality "1"]
[WhiteTeam "Teplice"]
[BlackTeam "Podborany"]
[WhiteTeamCountry "CZE"]
[BlackTeamCountry "CZE"]

1. e4 g6 2. d4 Bg7 3. Nc3 d6 4. Be3 a6 5. Qd2 b5 6. Bd3 Nd7 7. 0-0-0 Bb7 8. Nce2 Ngf6 9. f3 c5 10. c3 Rc8 11. Kb1 0-0 12. h4 h5 13. Nh3 Qa5 14. Nf2 Rfe8 15. g4 cxd4 16. Nxd4 Ne5 17. gxh5 Nxh5 18. f4 Nxd3 19. Qxd3 e5 20. Nb3 Qa4 21. f5 Ng3 22. fxg6 fxg6 23. Nd2 Nxh1 24. Rxh1 Re6 25. Nh3 b4 26. c4 Qe8 27. Ng5 Rf6 28. Qb3 Kh8 29. Qxb4 Rb8 30. Qc3 Bc8 31. Qd3 Bg4 32. Rg1 Bh5 33. b3 a5 34. Kc2 a4 35. Nb1 axb3+ 36. axb3 Qc6 37. Nc3 Qa6 38. Kb2 Ra8 39. Na4 Bh6 40. Rf1 Raf8 41. Rxf6 Rxf6 42. Qd5 Bxg5 43. Bxg5 Rf2+ 44. Ka3 Bg4 45. Be7 Bd7 46. Qxd6 Qxd6+ 47. Bxd6 Bxa4 48. Bxe5+ Kg8 49. Kxa4 Re2 50. Bf6 Rxe4 51. Kb5 Kf7 52. Bg5 Ke6 53. b4 Kd7 54. Kc5 Kc7 55. b5 Re1 56. Kd5 Kb6 57. Bd8+ Kb7 58. Bf6 Rf1 59. Be5 Rh1 60. Bf6 Rd1+ 61. Bd4 Rh1 62. c5 Rxh4 63. c6+ Kc8 64. b6 Rh7 65. Be5 g5 66. Bg3 g4 67. Ke4 Re7+ 68. Kf5 Rf7+ 69. Kxg4 Rc7 70. b7+ Rxb7 1/2-1/2

[Event "CZE-chT2B 1718"]
[Site "Czech Republic"]
[Date "2017.11.05"]
[Round "2.3"]
[White "Kozak, Milos"]
[Black "Pribyl, Jakub"]
[Result "1/2-1/2"]
[WhiteElo "2131"]
[BlackElo "2143"]
[PlyCount "77"]
[EventDate "2017.10.15"]
[EventType "team-tourn"]
[EventRounds "11"]
[EventCountry "CZE"]
[SourceTitle "EXT 2022"]
[Source "ChessBase"]
[SourceDate "2021.10.06"]
[SourceVersion "1"]
[SourceVersionDate "2021.10.06"]
[SourceQuality "1"]
[WhiteTeam "Litomerice"]
[BlackTeam "Usti nad Labem"]
[WhiteTeamCountry "CZE"]
[BlackTeamCountry "CZE"]

1. d4 Nf6 2. c4 g6 3. Nf3 Bg7 4. g3 0-0 5. Bg2 d6 6. 0-0 c6 7. Nc3 Nbd7 8. e4 e5 9. h3 Qc7 10. Be3 b6 11. Rc1 Bb7 12. Re1 a6 13. d5 Rac8 14. dxc6 Bxc6 15. Nd5 Bxd5 16. cxd5 Qb7 17. Rxc8 Rxc8 18. Nd2 Bf8 19. Qb1 b5 20. Nb3 Nc5 21. Na5 Qc7 22. Nc6 Nfd7 23. Rc1 Qb7 24. Qc2 Nb6 25. b3 f6 26. h4 Kg7 27. f4 exf4 28. gxf4 Ncd7 29. Bh3 Re8 30. Be6 Nc5 31. Nd4 Kh8 32. b4 Nxe6 33. Nxe6 Nxd5 34. exd5 Qxd5 35. Nc7 Qf3 36. Nxe8 Qxe3+ 37. Kg2 Qxe8 38. Qd3 Qe6 39. Rc2 1/2-1/2

[Event "CZE-chT2B 1213"]
[Site "Czech Republic"]
[Date "2012.11.18"]
[Round "3.6"]
[White "Novotny, Jaroslav"]
[Black "Pribyl, Jakub"]
[Result "1-0"]
[WhiteElo "2165"]
[BlackElo "2131"]
[PlyCount "59"]
[EventDate "2012.10.14"]
[EventType "team-tourn"]
[EventRounds "11"]
[EventCountry "CZE"]
[SourceTitle "EXT 2015"]
[Source "ChessBase"]
[SourceDate "2014.11.20"]
[SourceVersion "1"]
[SourceVersionDate "2014.11.20"]
[SourceQuality "1"]
[WhiteTeam "Jicin II"]
[BlackTeam "Usti nad Labem"]
[WhiteTeamCountry "CZE"]
[BlackTeamCountry "CZE"]

1. d4 Nf6 2. c4 g6 3. g3 Bg7 4. Bg2 d6 5. Nf3 0-0 6. 0-0 Nc6 7. Nc3 a6 8. Re1 Na5 9. Qd3 Rb8 10. b4 Nc6 11. Rb1 b5 12. d5 Na7 13. Nd4 Nd7 14. f4 bxc4 15. Qxc4 Bb7 16. Be3 Nb6 17. Qd3 Qd7 18. Rbc1 Rfc8 19. Nb3 Nb5 20. Nxb5 axb5 21. Na5 Ba6 22. Rc6 e6 23. a4 exd5 24. Rec1 d4 25. Bf2 Qe7 26. axb5 Bb7 27. Nxb7 Rxb7 28. Bxd4 Bxd4+ 29. Qxd4 Qxe2 30. R6c2 1-0

[Event "CZE-chT2B 1011"]
[Site "Czech Republic"]
[Date "2011.01.23"]
[Round "6.3"]
[White "Zimmermann, Rene"]
[Black "Pribyl, Jakub"]
[Result "1-0"]
[WhiteElo "2113"]
[BlackElo "2147"]
[PlyCount "59"]
[EventDate "2010.10.17"]
[EventType "team-tourn"]
[EventRounds "11"]
[EventCountry "CZE"]
[SourceTitle "EXT 2012"]
[Source "ChessBase"]
[SourceDate "2011.11.24"]
[SourceVersion "1"]
[SourceVersionDate "2011.11.24"]
[SourceQuality "1"]
[WhiteTeam "Lipa"]
[BlackTeam "Usti nad Labem"]
[WhiteTeamCountry "CZE"]
[BlackTeamCountry "CZE"]

1. d4 g6 2. c4 d6 3. Nc3 Bg7 4. e4 Nf6 5. f3 0-0 6. Be3 Nc6 7. Nge2 a6 8. Qd2 Rb8 9. Rb1 Re8 10. b4 e5 11. d5 Ne7 12. c5 Nh5 13. g4 Nf4 14. Nxf4 exf4 15. Bd4 f5 16. Bxg7 Kxg7 17. g5 fxe4 18. Nxe4 Bf5 19. Qd4+ Kf7 20. Kf2 Ng8 21. h4 Re5 22. Re1 Qd7 23. cxd6 Ree8 24. dxc7 Qxc7 25. Bc4 b5 26. Bb3 Qb6 27. d6+ Kf8 28. Nc5 a5 29. Qh8 Be6 30. Rxe6 1-0